| 000 | 01400nam0a22003251 4500 | ||
|---|---|---|---|
| 001 | rc\2283183 | ||
| 005 | 20110829191802.6 | ||
| 035 | _a(NLR Aleph) 006562234 | ||
| 090 |
_a6855969 _c6855969 |
||
| 100 | _a20110829d1976 |||y0rusy50 ca | ||
| 101 | 0 | _arus | |
| 102 | _aRU | ||
| 105 | _aa z ||||| | ||
| 200 | 1 | _aНекоторые современные инструменты и инструментальные материалы | |
| 210 |
_aМосква _cНИИНавтопром _d1976 |
||
| 215 |
_a88 с. _cил. _d21 |
||
| 300 | _aНа обл. авт. не указан | ||
| 320 | _aСписок лит.: с. 86 | ||
| 423 | 0 |
_11010#$arus _12001#$aПрогрессивные направления в технологии производства, эксплуатации инструмента и технологической оснастки$e[Обзор]$fС.Д. Артемов$gНауч.-исслед. ин-т информации автомоб. пром-сти |
|
| 606 |
_aАвтомобильные заводы _xИнструментальное хозяйство _2psbo |
||
| 686 |
_aК722.536 _2rubbk |
||
| 686 |
_aО33-060.13-5 _2rubbk |
||
| 700 | 1 |
_aАртемов _bС. Д. |
|
| 801 | 0 |
_aRU _bNLR _gpsbo |
|
| 801 | 1 |
_aRU _bELAR _2rusmarc |
|
| 852 |
_aNLR _j76-6/7318 |
||
| 899 |
_aRuMoRGB _jБ 76-29/1086 |
||
| 899 |
_aRuMoRGB _jБ 76-29/1087 |
||
| 942 | _cBOOK | ||
| 980 | _aNB | ||